00478nam a2200169 a 4500008004100000020001500041050001400056100002000070245003500090260003300125300002200158350000900180490003400189500005300223650001500276650001700291120416s1983 ||||||||||||||||| || u a0314696458 aHD 31 Daf aDaft, Richard L10aOrganization theory and design aNew YorkbWest Pub. Coc1983 axxiv, 543p. : ill a0.00 aThe West series in management aIncludes bibliographical references and indexes. 0aMANAGEMENT aORGANIZATION